Advice about average : for the benefit of masters of merchant vessels /

Bibliographic Details
Main Author: Brockett, William Henry, 1804-1867
Format: Book
Language:English
Published: Newcastle-upon-Tyne : Septimus A. Cail, 1857.
Edition:3rd ed.
Subjects:

MARC

Tag First Indicator Second Indicator Subfields
LEADER 00000cam a2200000Ia 4500
001 in00001650921
005 20151023101339.0
008 011210s1857 enk 000 0 eng d
035 |a (OCoLC)ocm48567714 
040 |a TXA  |c TXA  |d UtOrBLW 
049 |a TXAM 
090 |a K1172  |b .B76 1857 
100 1 |a Brockett, William Henry,  |d 1804-1867. 
245 1 0 |a Advice about average :  |b for the benefit of masters of merchant vessels /  |c by William Henry Brockett ; and an introductory address by William S. Tyrer. 
250 |a 3rd ed. 
264 1 |a Newcastle-upon-Tyne :  |b Septimus A. Cail,  |c 1857. 
300 |a viii, 64 pages ;  |c 17 cm. 
336 |a text  |b txt  |2 rdacontent 
337 |a unmediated  |b n  |2 rdamedia 
338 |a volume  |b nc  |2 rdacarrier 
650 0 |a Marine insurance. 
650 0 |a Average (Maritime law) 
994 |a E0  |b TXA 
948 |a cataloged  |b h  |c 2001/12/10  |d o  |e mzajicek  |f 4:11:40 pm 
999 |a MARS 
999 f f |s 859ece69-cfbb-3bf1-82b8-c4e6daf050b9  |i 1e5781f7-0690-3f06-905c-372560fb288a  |t 0 
952 f f |p noncirc  |a Texas A&M University  |b College Station  |c Cushing Memorial Library & Archives  |d Cushing: Maritime (Does not check out)  |t 0  |e K1172 .B76 1857  |h Library of Congress classification  |i unmediated -- volume 
998 f f |a K1172 .B76 1857  |t 0  |l Cushing: Maritime (Does not check out)